| 000 | 00827nas a2200253 4500 | ||
|---|---|---|---|
| 001 | BR9602040 | ||
| 003 | BR-BrBNA | ||
| 005 | 20231205095728.0 | ||
| 007 | ta | ||
| 008 | 230509b bl.|||p| |||| 00| 00por d | ||
| 040 |
_aBR-BrBNA _bpor _cBiblioteca Nacional de Agricultura |
||
| 041 | _a(Pt) | ||
| 072 | _aF70 | ||
| 100 | 1 | _aRossoni, M.G. | |
| 100 | 1 | _aBaptista, L.R. de M. | |
| 245 | 1 | _aComposicao floristica da mata de restinga, Balneario Rondinha Velha, Arroio do Sal, RS, (Brazil) | |
| 650 | _aRestinga | ||
| 650 | _aDistribuicao Geografica | ||
| 650 | _aTaxonomia Vegetal | ||
| 650 | _aRio Grande do Sul | ||
| 773 | 0 |
_tPesquisa Botanica - Instituto Anchietano de Pesquisa (Brazil) _xISSN 0373-840X _g(1994-1995), no. 45 p. 115-131 _wBR9602040 |
|
| 909 |
_a202311 _bLúcia _c55 _dLúcia Elande |
||
| 942 |
_2AGRIS _n0 _cANA |
||
| 999 |
_c152393 _d152393 |
||